<?xml version="1.0" encoding="UTF-8"?>
<record
    xmlns:xsi="http://www.w3.org/2001/XMLSchema-instance"
    xsi:schemaLocation="http://www.loc.gov/MARC21/slim http://www.loc.gov/standards/marcxml/schema/MARC21slim.xsd"
    xmlns="http://www.loc.gov/MARC21/slim">

  <leader>00969cam a22002654a 4500</leader>
  <datafield tag="999" ind1=" " ind2=" ">
    <subfield code="c">59802</subfield>
    <subfield code="d">59802</subfield>
  </datafield>
  <controlfield tag="001">16889031</controlfield>
  <controlfield tag="005">20230421120410.0</controlfield>
  <controlfield tag="008">110721s2012    nyu      b    001 0 eng  </controlfield>
  <datafield tag="020" ind1=" " ind2=" ">
    <subfield code="a">9781609186494 </subfield>
  </datafield>
  <datafield tag="040" ind1=" " ind2=" ">
    <subfield code="a">DNLM/DLC</subfield>
    <subfield code="c">DLC</subfield>
  </datafield>
  <datafield tag="041" ind1=" " ind2=" ">
    <subfield code="a">eng</subfield>
  </datafield>
  <datafield tag="080" ind1=" " ind2=" ">
    <subfield code="a">616.89-085</subfield>
  </datafield>
  <datafield tag="100" ind1="1" ind2=" ">
    <subfield code="a">Leahy, Robert L.</subfield>
    <subfield code="9">17705</subfield>
  </datafield>
  <datafield tag="245" ind1="1" ind2="0">
    <subfield code="a">Treatment plans and interventions for depression and anxiety disorders /</subfield>
    <subfield code="c">Robert L. Leahy, Stephen J. F. Holland, Lata K. McGinn.</subfield>
  </datafield>
  <datafield tag="250" ind1=" " ind2=" ">
    <subfield code="a">2nd ed.</subfield>
  </datafield>
  <datafield tag="264" ind1=" " ind2=" ">
    <subfield code="a">New York :</subfield>
    <subfield code="b">Guilford Press,</subfield>
    <subfield code="c">2012.</subfield>
  </datafield>
  <datafield tag="300" ind1=" " ind2=" ">
    <subfield code="a">490 p. :</subfield>
    <subfield code="b">ill. ;</subfield>
    <subfield code="c">27 cm. +1 CD-ROM (4 3/4 in.).</subfield>
  </datafield>
  <datafield tag="490" ind1="0" ind2=" ">
    <subfield code="a">Treatment plans and interventions for evidence-based psychotherapy</subfield>
  </datafield>
  <datafield tag="650" ind1="2" ind2="2">
    <subfield code="a">Cognitive Therapy.</subfield>
    <subfield code="9">17706</subfield>
  </datafield>
  <datafield tag="653" ind1=" " ind2=" ">
    <subfield code="a">&#x10D3;&#x10D4;&#x10DE;&#x10E0;&#x10D4;&#x10E1;&#x10D8;&#x10D0;</subfield>
  </datafield>
  <datafield tag="653" ind1=" " ind2=" ">
    <subfield code="a">&#x10E8;&#x10E4;&#x10DD;&#x10D7;&#x10D5;&#x10D8;&#x10D7;&#x10D8; &#x10D0;&#x10E8;&#x10DA;&#x10DD;&#x10DA;&#x10DD;&#x10D1;&#x10D0;</subfield>
  </datafield>
  <datafield tag="700" ind1="1" ind2=" ">
    <subfield code="a">Holland, Stephen J.</subfield>
    <subfield code="e">&#x10D0;&#x10D5;&#x10E2;&#x10DD;&#x10E0;&#x10D8;</subfield>
    <subfield code="9">17707</subfield>
  </datafield>
  <datafield tag="700" ind1="1" ind2=" ">
    <subfield code="a">McGinn, Lata K.</subfield>
    <subfield code="e">&#x10D0;&#x10D5;&#x10E2;&#x10DD;&#x10E0;&#x10D8;</subfield>
    <subfield code="9">17708</subfield>
  </datafield>
  <datafield tag="942" ind1=" " ind2=" ">
    <subfield code="2">udc</subfield>
    <subfield code="c">BK</subfield>
  </datafield>
  <datafield tag="952" ind1=" " ind2=" ">
    <subfield code="0">0</subfield>
    <subfield code="1">0</subfield>
    <subfield code="2">udc</subfield>
    <subfield code="4">0</subfield>
    <subfield code="6">61689085</subfield>
    <subfield code="7">0</subfield>
    <subfield code="9">94480</subfield>
    <subfield code="a">CPL</subfield>
    <subfield code="b">CPL</subfield>
    <subfield code="c">GEN</subfield>
    <subfield code="d">2023-04-21</subfield>
    <subfield code="g">191.00</subfield>
    <subfield code="o">616.89-085</subfield>
    <subfield code="p">29387</subfield>
    <subfield code="r">2023-04-21</subfield>
    <subfield code="t">29387</subfield>
    <subfield code="w">2023-04-21</subfield>
    <subfield code="y">BK</subfield>
    <subfield code="z">191 &#x10DA;.</subfield>
  </datafield>
</record>
